000 00945nam a2200265Ia 4500
003 OSt
005 20221005105123.0
006 a|||||r|||| 00| 0
007 ta
008 221004b |||||||| |||| 00| 0 hin d
020 _cINR 50.00
024 _a42454
037 _bIN-2301, 14/03/2019, Kitab Ghar Prakashan
_cTextual
040 _aCRL
_cCRL
_bhin
041 _2hin
_ahin
082 _aO152,6NTRx, N2
100 _aत्रिपाठी, राममनोहर, ले.
245 0 _aरोजनामचा
246 _aRojanāmachā
260 _aदिल्ली
_bहिमाचल पुस्तक भण्डार भारत
_c1992
300 _a103पृ0
_ccm.
650 _aहिन्दी निबंध
942 _hO152,6NTRx, N2
_cTEXL
_2cc
999 _c1014826
_d1014826